The noble scholar, jurist, historian


 His Excellency Dr. Abdul Wahhab bin Ibrahim Abu Sulaiman, may Allah have mercy on him.


 He was born in Umm Al-Qura in the year 1356 AH.

فهارس أحاديث الموطأ ومواضعها في شروحه : (Record no. 6121)

MARC details
000 -LEADER
fixed length control field 02021cam a2200385 i 4500
003 - CONTROL NUMBER IDENTIFIER
control field SA-RiAUC
005 - DATE AND TIME OF LATEST TRANSACTION
control field 20250220083616.0
008 - FIXED-LENGTH DATA ELEMENTS--GENERAL INFORMATION
fixed length control field 250219s1990 su g i 00000 ara c
040 ## - CATALOGING SOURCE
Original cataloging agency AE-AiULD
Language of cataloging ara
Transcribing agency SA-RiAUC
Description conventions rda
050 #4 - LIBRARY OF CONGRESS CALL NUMBER
Item number .K4 1990
082 04 - DEWEY DECIMAL CLASSIFICATION NUMBER
Classification number 236.4016
090 ## - LOCALLY ASSIGNED LC-TYPE CALL NUMBER (OCLC); LOCAL CALL NUMBER (RLIN)
Classification number (OCLC) (R) ; Classification number, CALL (RLIN) (NR) 236.4016
Local cutter number (OCLC) ; Book number/undivided call number, CALL (RLIN) ف هـ ا
245 00 - TITLE STATEMENT
Title فهارس أحاديث الموطأ ومواضعها في شروحه :
Remainder of title التمهيد-المنتقي-تنوير الحوالك-شرح الزرقاني /
Statement of responsibility, etc. جمع وترتيب خالد بن جمعة الخراز، فيصل بن فارس الشامي.
250 ## - EDITION STATEMENT
Edition statement الطبعة الأولى.
264 #1 - PRODUCTION, PUBLICATION, DISTRIBUTION, MANUFACTURE, AND COPYRIGHT NOTICE
Place of production, publication, distribution, manufacture الرياض :
Name of producer, publisher, distributor, manufacturer مكتبة الرشد،
Date of production, publication, distribution, manufacture, or copyright notice 1990
300 ## - PHYSICAL DESCRIPTION
Extent 317 صفحة ؛
Dimensions 24 سم
336 ## - CONTENT TYPE
Content type term نص
Content type code txt
Source rdacontent
Materials specified كتاب
337 ## - MEDIA TYPE
Media type term بدون وسيط
Media type code n
Source rdamedia
338 ## - CARRIER TYPE
Carrier type term مجلد
Carrier type code nc
Source rdacarrier
650 #7 - SUBJECT ADDED ENTRY--TOPICAL TERM
Topical term or geographic name entry element الحديث
General subdivision المسانيد
Form subdivision كشافات
Source of heading or term aucsh
700 1# - ADDED ENTRY--PERSONAL NAME
Personal name الخراز، خالد بن جمعة
Relator term جامع.
700 1# - ADDED ENTRY--PERSONAL NAME
Personal name الشامي، فيصل بن فارس
Relator term جامع.
700 12 - ADDED ENTRY--PERSONAL NAME
Personal name الإمام مالك، مالك بن أنس بن مالك،
Dates associated with a name 93-179 هجري
700 12 - ADDED ENTRY--PERSONAL NAME
Personal name ابن عبد البر، يوسف بن عبد الله بن محمد،
Dates associated with a name 368-463 هجري
700 12 - ADDED ENTRY--PERSONAL NAME
Personal name أبو الوليد الباجي، سليمان بن خلف بن سعد،
Dates associated with a name 403-474 هجري.
Title of a work المنتقى شرح الموطأ.
700 12 - ADDED ENTRY--PERSONAL NAME
Personal name الجلال السيوطي، عبد الرحمن بن أبي بكر بن محمد،
Dates associated with a name 849-911 هجري
700 12 - ADDED ENTRY--PERSONAL NAME
Personal name الزرقاني، محمد بن عبد الباقي بن يوسف،
Dates associated with a name 1055-1122 هجري
740 22 - ADDED ENTRY--UNCONTROLLED RELATED/ANALYTICAL TITLE
Uncontrolled related/analytical title الموطأ.
740 02 - ADDED ENTRY--UNCONTROLLED RELATED/ANALYTICAL TITLE
Uncontrolled related/analytical title تنوير الحوالك شرح موطأ مالك.
740 02 - ADDED ENTRY--UNCONTROLLED RELATED/ANALYTICAL TITLE
Uncontrolled related/analytical title شرح الزرقاني على موطأ الإمام مالك.
740 22 - ADDED ENTRY--UNCONTROLLED RELATED/ANALYTICAL TITLE
Uncontrolled related/analytical title التمهيد لما في الموطأ من المعاني والأسانيد.
740 22 - ADDED ENTRY--UNCONTROLLED RELATED/ANALYTICAL TITLE
Uncontrolled related/analytical title المنتقى شرح الموطأ.
942 ## - ADDED ENTRY ELEMENTS (KOHA)
Source of classification or shelving scheme Dewey Decimal Classification
Koha item type Books
Suppress in OPAC No
949 ## - LOCAL PROCESSING INFORMATION (OCLC)
a SA-JeALM
d 250219
u osman123
n 1
Holdings
Withdrawn status Lost status Source of classification or shelving scheme Damaged status Not for loan Home library Current library Date acquired Total checkouts Full call number Barcode Date last seen Price effective from Koha item type
    Dewey Decimal Classification     DR AbdElwahab Library DR AbdElwahab Library 02/20/2025   236.4016 ف هـ ا 000010132 02/20/2025 02/20/2025 Books